ბათუმის შოთა რუსთაველის სახელმწიფო უნივერსიტეტის ბიბლიოთეკა

Дополнительные главы линейной алгебры (ბიბ.ჩანაწერი № 38854)

000 -LEADER
fixed length control field 00767nam a2200217Ia 4500
001 - CONTROL NUMBER
control field 5264
003 - CONTROL NUMBER IDENTIFIER
control field GE_BSU
008 - FIXED-LENGTH DATA ELEMENTS--GENERAL INFORMATION
fixed length control field 181216s||||||||xx |||||||||||||| ||und||
040 ## - CATALOGING SOURCE
Transcribing agency GE_BSU
080 ## - UNIVERSAL DECIMAL CLASSIFICATION NUMBER
Universal Decimal Classification number 512.64(075.8)+512.64(075.8)
100 ## - MAIN ENTRY--PERSONAL NAME
Personal name Беклемишев, Д.В.
245 ## - TITLE STATEMENT
Title Дополнительные главы линейной алгебры
245 ## - TITLE STATEMENT
Remainder of title Учеб пособие для студ вузов, обучающихся по спец. "физика" и "Прикладная математика
260 ## - PUBLICATION, DISTRIBUTION, ETC.
Place of publication, distribution, etc. Москва
260 ## - PUBLICATION, DISTRIBUTION, ETC.
Name of publisher, distributor, etc. Наука
260 ## - PUBLICATION, DISTRIBUTION, ETC.
Date of publication, distribution, etc. 1983
300 ## - PHYSICAL DESCRIPTION
Extent 333с.22 см.
300 ## - PHYSICAL DESCRIPTION
Accompanying material Библиогр. 334
653 ## - INDEX TERM--UNCONTROLLED
Uncontrolled term Дополнительные главы линейной алгебры
942 ## - ADDED ENTRY ELEMENTS (KOHA)
Koha item type წიგნი
ეგზემპლარები
Withdrawn status Lost status Damaged status Not for loan Date acquired Barcode Date last seen Price effective from Koha item type
        2018-12-17 16284 2018-12-17 2018-12-17 წიგნი
        2018-12-17 16819 2018-12-17 2018-12-17 წიგნი
        2018-12-17 15025 2018-12-17 2018-12-17 წიგნი